Informácia o stavebných prácach, pracovníkoch v stavebných podnikoch s počtom do 24 pracovníkov za 3. štvrťrok a od začiatku roka 1993 STAV P 13-04

Salvato in:
Dettagli Bibliografici
Natura: Libro
Lingua:slovacco
Pubblicazione: Bratislava Štatistický úrad SR 1993
Serie:Štatistické čísla a grafy
Soggetti:
Tags: Aggiungi Tag
Nessun Tag, puoi essere il primo ad aggiungerne!!

MARC

LEADER 00000nam a2200000 4500
001 c004402
005 20260210125659.2
041 0 |a slo 
044 |a SK 
245 1 0 |a Informácia o stavebných prácach, pracovníkoch v stavebných podnikoch s počtom do 24 pracovníkov za 3. štvrťrok a od začiatku roka 1993  |b STAV P 13-04 
264 1 |a Bratislava  |b Štatistický úrad SR  |c 1993 
300 |a 22 s. 
490 1 |a Štatistické čísla a grafy 
830 0 |a Štatistické čísla a grafy 
610 2 0 |a podnik stavebný 
610 2 0 |a práca stavebná 
610 2 0 |a pracovníci 
610 2 0 |a Slovensko